Sports Quiz

Random Sports or NFL Quiz

NFL Playoff Teams of the 2000s Quiz Stats

Quiz not verified by Sporcle

Challenge
Share
Tweet
Embed
Score 0/120 Timer 08:00
0 Plays Today
Year Team % Correct
2000Tennessee Titans
59.8%
2004New England Patriots
59.8%
2000Oakland Raiders
58.1%
2004Pittsburgh Steelers
58.1%
2007New England Patriots
58.1%
2004New York Jets
55.6%
2005Indianapolis Colts
55.6%
2005New England Patriots
55.6%
2000Miami Dolphins
54.7%
2004Indianapolis Colts
54.7%
2004San Diego Chargers
54.7%
2006New England Patriots
54.7%
2004Denver Broncos
53.8%
2004Philadelphia Eagles
53.8%
2005Denver Broncos
53.8%
2005Pittsburgh Steelers
53.8%
2006San Diego Chargers
53.8%
2003New England Patriots
53%
2005Cincinnati Bengals
53%
2006New York Jets
53%
2009New England Patriots
53%
2000Baltimore Ravens
52.1%
2006Baltimore Ravens
52.1%
2006Indianapolis Colts
52.1%
2005Seattle Seahawks
51.3%
2007Pittsburgh Steelers
51.3%
2005New York Giants
50.4%
2007San Diego Chargers
50.4%
2008Tennessee Titans
50.4%
2008Miami Dolphins
50.4%
2009Indianapolis Colts
50.4%
2009New York Jets
50.4%
2002New York Jets
49.6%
2003Philadelphia Eagles
49.6%
2004Green Bay Packers
49.6%
2006Kansas City Chiefs
49.6%
2007Indianapolis Colts
49.6%
2009San Diego Chargers
49.6%
2000Denver Broncos
48.7%
2002Pittsburgh Steelers
48.7%
Year Team % Correct
2003Indianapolis Colts
48.7%
2004Seattle Seahawks
48.7%
2005Jacksonville Jaguars
48.7%
2008Pittsburgh Steelers
48.7%
2008New York Giants
48.7%
2002Oakland Raiders
47.9%
2003Baltimore Ravens
47.9%
2004Atlanta Falcons
47.9%
2005Chicago Bears
47.9%
2008San Diego Chargers
47.9%
2009Baltimore Ravens
47.9%
2000New York Giants
47%
2002Tennessee Titans
47%
2002Indianapolis Colts
47%
2002Philadelphia Eagles
47%
2002New York Giants
47%
2003Kansas City Chiefs
47%
2003Denver Broncos
47%
2004St. Louis Rams
47%
2005Tampa Bay Buccaneers
47%
2006Philadelphia Eagles
47%
2007Dallas Cowboys
47%
2008Indianapolis Colts
47%
2008Baltimore Ravens
47%
2002Cleveland Browns
46.2%
2003Tennessee Titans
46.2%
2004Minnesota Vikings
46.2%
2006Chicago Bears
46.2%
2006Seattle Seahawks
46.2%
2006New York Giants
46.2%
2007Jacksonville Jaguars
46.2%
2009Cincinnati Bengals
46.2%
2005Carolina Panthers
45.3%
2007Tennessee Titans
45.3%
2007New York Giants
45.3%
2001New England Patriots
44.4%
2002Green Bay Packers
44.4%
2007Seattle Seahawks
44.4%
2009New Orleans Saints
44.4%
2009Dallas Cowboys
44.4%
Year Team % Correct
2009Philadelphia Eagles
44.4%
2002Tampa Bay Buccaneers
43.6%
2002San Francisco 49ers
43.6%
2003St. Louis Rams
43.6%
2003Carolina Panthers
43.6%
2003Dallas Cowboys
43.6%
2006Dallas Cowboys
43.6%
2007Green Bay Packers
43.6%
2008Philadelphia Eagles
43.6%
2009Arizona Cardinals
43.6%
2000Indianapolis Colts
42.7%
2003Green Bay Packers
42.7%
2006New Orleans Saints
42.7%
2008Carolina Panthers
42.7%
2008Minnesota Vikings
42.7%
2008Arizona Cardinals
42.7%
2009Minnesota Vikings
42.7%
2009Green Bay Packers
42.7%
2000Minnesota Vikings
41.9%
2003Seattle Seahawks
41.9%
2007Tampa Bay Buccaneers
41.9%
2002Atlanta Falcons
41%
2000Philadelphia Eagles
40.2%
2001Pittsburgh Steelers
40.2%
2008Atlanta Falcons
40.2%
2001Miami Dolphins
39.3%
2001Oakland Raiders
38.5%
2001New York Jets
38.5%
2001Baltimore Ravens
37.6%
2001Philadelphia Eagles
37.6%
2005Washington Redskins
37.6%
2000St. Louis Rams
36.8%
2001St. Louis Rams
35.9%
2007Washington Redskins
35.9%
2001Green Bay Packers
33.3%
2001San Francisco 49ers
33.3%
2001Chicago Bears
32.5%
2000Tampa Bay Buccaneers
29.9%
2000New Orleans Saints
28.2%
2001Tampa Bay Buccaneers
27.4%

You're not logged in!

Compare scores with friends on all Sporcle quizzes.
Sign Up with Email
OR
Log In

You Might Also Like...

Show Comments

Extras

Top Quizzes Today


Score Distribution

Your Account Isn't Verified!

In order to create a playlist on Sporcle, you need to verify the email address you used during registration. Go to your Sporcle Settings to finish the process.